[Event "COL-ch Superate Intercol U18"]
[Site "Barranquilla"]
[Date "2018.11.28"]
[Round "11.9"]
[White "Velez Zequeira, Armando Andres"]
[Black "Arciniegas Castro, Santiago"]
[Result "0-1"]
[WhiteElo "1500"]
[BlackElo "1402"]
[PlyCount "124"]
[EventDate "2018.11.28"]
[EventType "swiss (blitz)"]
[EventRounds "12"]
[EventCountry "COL"]
[SourceTitle "EXT 2024"]
[Source "ChessBase"]
[SourceDate "2023.10.10"]
[SourceVersion "1"]
[SourceVersionDate "2023.10.10"]
[SourceQuality "1"]

1. e4 c5 2. Nf3 d6 3. d4 cxd4 4. Nxd4 Nf6 5. Nc3 a6 6. Bg5 Nbd7 7. f4 Qc7 8. Be2 b5 9. a3 Bb7 10. Bf3 e6 11. Bh4 Be7 12. Bf2 Rc8 13. 0-0 0-0 14. Re1 Nb6 15. e5 Nfd5 16. Nxd5 Nxd5 17. Qd2 Rfd8 18. Bxd5 Bxd5 19. c3 Qb7 20. Bg3 dxe5 21. fxe5 Bc5 22. Re2 Bc4 23. Rf2 Qa7 24. Rd1 Bxd4 25. cxd4 Bb3 26. Rc1 Rxc1+ 27. Qxc1 Qxd4 28. Qf4 Qxf4 29. Rxf4 Rd1+ 30. Rf1 Rd2 31. Rf2 Rd1+ 32. Rf1 Rd2 33. Rf2 Rxf2 34. Kxf2 Kf8 35. Ke3 Bd5 36. Kf2 Ke7 37. Bf4 Kd7 38. Be3 Kc6 39. Bd4 a5 40. b4 axb4 41. axb4 Bc4 42. Ke3 Kd5 43. g3 Bf1 44. Bc3 Kc4 45. Kd2 Bg2 46. g4 h6 47. h4 Bh3 48. g5 hxg5 49. hxg5 Bf1 50. Kc2 Bg2 51. Kd2 Be4 52. Bb2 Kxb4 53. Ke3 Bf5 54. Kd4 Kb3 55. Bc1 b4 56. Bd2 Ka3 57. Kc4 b3 58. Bc1+ b2 59. Bxb2+ Kxb2 60. Kc5 Kc3 61. Kd6 Kd4 62. Ke7 Bg6 0-1

[Event "COL-ch Superate Intercol U18"]
[Site "Barranquilla"]
[Date "2018.11.28"]
[Round "6.7"]
[White "Velez Zequeira, Armando Andres"]
[Black "Castano Orrego, Simon"]
[Result "0-1"]
[WhiteElo "1500"]
[BlackElo "1608"]
[PlyCount "60"]
[EventDate "2018.11.28"]
[EventType "swiss (blitz)"]
[EventRounds "12"]
[EventCountry "COL"]
[SourceTitle "EXT 2024"]
[Source "ChessBase"]
[SourceDate "2023.10.10"]
[SourceVersion "1"]
[SourceVersionDate "2023.10.10"]
[SourceQuality "1"]

1. e4 c5 2. Nf3 d6 3. d4 cxd4 4. Nxd4 Nf6 5. Nc3 a6 6. Bg5 e6 7. f4 h6 8. Bh4 Be7 9. Bxf6 Bxf6 10. Qd2 Nc6 11. Nxc6 bxc6 12. 0-0-0 Be7 13. Qd4 0-0 14. e5 dxe5 15. Qxe5 Qb6 16. Bd3 Bf6 17. Qe4 g6 18. g4 Rb8 19. b3 Bxc3 20. f5 exf5 21. Qc4 Qb4 22. Qxb4 Rxb4 23. gxf5 g5 24. Rhg1 Rf4 25. Rgf1 Be5 26. Rfe1 f6 27. Bc4+ Kg7 28. Rd3 Bxf5 29. Rde3 Rf2 30. R1e2 Bf4 0-1

[Event "COL-ch Superate Intercol U18"]
[Site "Barranquilla"]
[Date "2018.11.28"]
[Round "7.11"]
[White "Velez Zequeira, Armando Andres"]
[Black "Mengual Gutierrez, Marlon"]
[Result "1-0"]
[WhiteElo "1500"]
[BlackElo "1600"]
[PlyCount "104"]
[EventDate "2018.11.28"]
[EventType "swiss (blitz)"]
[EventRounds "12"]
[EventCountry "COL"]
[SourceTitle "EXT 2024"]
[Source "ChessBase"]
[SourceDate "2023.10.10"]
[SourceVersion "1"]
[SourceVersionDate "2023.10.10"]
[SourceQuality "1"]

1. e4 e5 2. Nf3 Nc6 3. Bb5 a6 4. Bxc6 dxc6 5. 0-0 Bd6 6. d4 exd4 7. Qxd4 Bxh2+ 8. Kxh2 Qxd4 9. Nxd4 Nf6 10. Nc3 0-0 11. Kg1 c5 12. Nb3 Re8 13. f3 c4 14. Nd4 c5 15. Nde2 Bd7 16. Bg5 Re6 17. Nf4 Rc6 18. Bxf6 Rxf6 19. Nfd5 Rh6 20. Rad1 Re8 21. Nc7 Re7 22. N3d5 Re5 23. Nf4 Re7 24. Ncd5 Re8 25. Nc7 Re7 26. Nfd5 Re5 27. b3 cxb3 28. cxb3 f6 29. Rc1 Reh5 30. Rxc5 Bc6 31. Ne7+ Kf7 32. Nxc6 bxc6 33. Rxh5 Rxh5 34. Nxa6 Ra5 35. Nb4 c5 36. Nd5 Rxa2 37. Rc1 Ra3 38. Rxc5 Rxb3 39. Kf2 Ke6 40. Rc6+ Ke5 41. Rc7 Rb2+ 42. Kg3 h5 43. Rxg7 h4+ 44. Kh3 Kd4 45. Nxf6 Ke3 46. Rg4 Rb1 47. Kxh4 Rh1+ 48. Kg5 Kf2 49. e5 Re1 50. Re4 Rg1 51. g4 Kxf3 52. e6 Rg2 1-0

[Event "COL-ch Superate Intercol U18"]
[Site "Barranquilla"]
[Date "2018.11.28"]
[Round "10.7"]
[White "Velez Zequeira, Armando Andres"]
[Black "Perea Erazo, Janyert Julian"]
[Result "0-1"]
[WhiteElo "1500"]
[BlackElo "1564"]
[PlyCount "78"]
[EventDate "2018.11.28"]
[EventType "swiss (blitz)"]
[EventRounds "12"]
[EventCountry "COL"]
[SourceTitle "EXT 2024"]
[Source "ChessBase"]
[SourceDate "2023.10.10"]
[SourceVersion "1"]
[SourceVersionDate "2023.10.10"]
[SourceQuality "1"]

1. e4 c5 2. Nf3 g6 3. d4 cxd4 4. Nxd4 Bg7 5. Be3 Nc6 6. Nc3 Nf6 7. f3 0-0 8. Qd2 Qa5 9. Nb3 Qb4 10. Bc5 Nxe4 11. fxe4 Bxc3 12. Qxc3 Qxe4+ 13. Be3 d5 14. Qd3 Qe5 15. 0-0-0 Bf5 16. Qc3 d4 17. Bxd4 Nxd4 18. Qxd4 Qc7 19. Bd3 Rfd8 20. Qc4 Qxc4 21. Bxc4 Rdc8 22. Bd3 Be6 23. Kb1 a5 24. Nd4 Bd5 25. Nf3 e6 26. b3 a4 27. Bc4 Bxc4 28. bxc4 Rxc4 29. Nd2 Rb4+ 30. Ka1 Rc8 31. c4 a3 32. Rb1 Ra4 33. Rb3 Rd8 34. Nb1 Rxc4 35. Rxa3 Rc2 36. g3 h5 37. Rc3 Rf2 38. Rb3 Ra8 39. a3 Rc8 0-1

[Event "COL-ch U18"]
[Site "Barranquilla"]
[Date "2018.11.26"]
[Round "7"]
[White "Morales Criado, Diego Alberto"]
[Black "Velez Zequeira, Armando Andres"]
[Result "1/2-1/2"]
[WhiteElo "1357"]
[BlackElo "1623"]
[PlyCount "157"]
[EventDate "2018.11.24"]
[EventType "swiss"]
[EventRounds "7"]
[EventCountry "COL"]
[SourceTitle "CBM 187 Extra"]
[Source "ChessBase"]
[SourceDate "2018.11.04"]
[SourceVersion "1"]
[SourceVersionDate "2018.11.04"]
[SourceQuality "1"]

1. e4 e5 2. Nf3 Nc6 3. Bb5 a6 4. Ba4 Nf6 5. 0-0 Be7 6. c3 b5 7. Bc2 d6 8. d4 Bg4 9. d5 Na5 10. h3 Bd7 11. Nbd2 c5 12. b3 0-0 13. Re1 Re8 14. Nf1 h6 15. Ng3 Bf8 16. Bb2 g6 17. Qe2 Qc7 18. c4 Rab8 19. Rab1 Bg7 20. Bd3 bxc4 21. Bxc4 Nxc4 22. bxc4 a5 23. Bc3 a4 24. a3 Rb3 25. Rxb3 axb3 26. Rb1 Ba4 27. Nd2 Rb8 28. h4 h5 29. f3 Bh6 30. Ngf1 Nd7 31. Rb2 Qd8 32. g3 Nf6 33. Qd1 Qb6 34. f4 Ng4 35. fxe5 dxe5 36. Nf3 f6 37. d6 Rd8 38. Qd5+ Kg7 39. Nxe5 fxe5 40. Bxe5+ Nxe5 41. Qxe5+ Kh7 42. Qe7+ Bg7 43. e5 Rd7 44. Qe6 Rxd6 45. exd6 Bxb2 46. Qe7+ Bg7 47. d7 Bxd7 48. Qxd7 b2 49. Nd2 b1Q+ 50. Nxb1 Qxb1+ 51. Kh2 Qb2+ 52. Kh3 Qxa3 53. Qd5 Qe3 54. Qf7 Qg1 55. Qb7 Kh6 56. Qd5 Qf1+ 57. Kh2 Qf2+ 58. Kh3 Qf5+ 59. Qxf5 gxf5 60. Kg2 f4 61. gxf4 Kg6 62. Kg3 Kf5 63. Kf3 Bf6 64. Kg3 Bxh4+ 65. Kxh4 Kxf4 66. Kxh5 Ke4 67. Kg4 Kd4 68. Kf3 Kxc4 69. Ke2 Kb3 70. Kd2 c4 71. Kc1 c3 72. Kb1 Kc4 73. Kc2 Kd4 74. Kc1 Kd3 75. Kd1 Kd4 76. Kc2 Kc4 77. Kc1 Kb3 78. Kb1 c2+ 79. Kc1 1/2-1/2